00726nam a2200193 a 450000100060000000300090000600800410001504000280005608200160008410000300010024501420013026000440027230000100031649000270032665000490035365000490040265000410045165000400049212587CO-ViMGA141112s2004 ck r 000 u spa d aCO-ViMGAbspacCO-ViMGA04a378.103 C661 aMartin del campo, Enrique10aCooperacion universidad - empresa estrategia para la modernizacion de los estados : bsituación en los paises del convenio Andres Bello aSantafé de Bogotá : bSECAB, c1993 a175p. aCiencia y Tecnología14aCONVENIO ANDRES BELLO - SECRETARIO EJECUTIVA14aCOOPERACION UNIVERSITARIA - América LATINA14aCOOPERACION UNIVERSITARIA - COLOMBIA14aDESARROLLO CIENTIFICO - TECNOLOGICO